000 00661cab a2200241 4500
001 WB3207-16
008 090401t1996 xxu||||| |||| 00| 0 eng d
035 _a(Sirsi) u27882
041 _aeng
245 _aReviving the Thames
260 _c1996
350 _a0
490 _aTimes
_v14 February 1996, 39(1)
520 _aOutlines possible projects and schemes to revitalise the Thames for the millennium.
650 _aFISH LADDERS
650 _aMILLENNIUM PROJECTS
650 _aRIVER BOATS
650 _aRIVER THAMES
690 _aPROPERTY-PROPERTY DEVELOPMENT
690 _aTRANSPORT AND COMMUNICATIONS
942 _n0
948 _c04/03/1997
999 _c18794
_d18794